| 000 | nam a22 7a 4500 | ||
|---|---|---|---|
| 999 |
_c331065 _d331065 |
||
| 003 | NUST | ||
| 005 | 20170830125433.0 | ||
| 008 | 170830b xxu||||| |||| 00| 0 eng d | ||
| 020 | _a978-1463680121 | ||
| 040 | _cNUST | ||
| 082 |
_a823 _bGOP |
||
| 100 |
_aGopinath, C.Y. _94489 |
||
| 245 |
_aThe book of answers: _ba novel / _cby C.Y. Gopinath |
||
| 260 |
_aIndia: _bHarper collins, _c2011 |
||
| 300 | _a337 p. | ||
| 650 |
_aNovel- Literature _94490 |
||
| 942 |
_2ddc _cBK |
||